000
00240 a2200097 4500
001
30501
100
_a
French, F G
245
_a
The progressive oxford English Course
260
_a
Oxford University Press
_b
Oxford
_c
090
_c
20434
_d
20434
942
_a
NUST-CAE
_c
M
_c
11597
999
_c
265574
_d
265574